Регионална библиотека "Любен Каравелов" - Русе

Следователят (Запис номер 75571)

MARC детайли
000 -Лидер
Контролно поле с фиксирана дължина 01003nam a2200289 c 4500
003 - Код на организацията, давaща контролен номер
Контролно поле BLK
005 - Дата и час на последна редакция
Контролно поле 20230127164545.0
008 - Елементи от данни с фиксирана дължина
fixed length control field 180408b bul|||||r ||||||| ||bul||
010 ## - Наследен системен номер
LC control number KNG00079990000
020 ## - Международен стандартен номер на книга ISBN
Международен стандартен номер на книга ISBN 978-954-9415-34-6
-- издат.: Водолей
040 ## - Източник на каталожния запис
Идентификатор на билиотеката - собственик на записа BLK
041 ## - Код за език
Код за езика на текст/звукозапис или на отделно заглавие Български
Код за езика КДБФ Български
080 ## - УДК
Текстов определител УДК Българска литература
УДК код - определител по УДК 821.163.2
УДК определител -311.6
УДК - код + определител 821.163.2-311.6
100 1# - Редна дума - Автор
Автор Христозов, Петър
Авторска отговорност първи автор
R(LIN) 370891
139 ## - Редно поле
Редна дума Христозов, Петър
Авторски знак Христод - Х 82
245 10 - Сведения за заглавието
Заглавие Следователят
Подзаглавни данни Полит. роман
Редно поле (дума) Петър Христозов.
257 ## - Страна на издаване
Страна на създаване/издаване България
260 ## - Област на издателските данни
-- София
Име на издателя, разпространителя и проч. Водолей
Година на издаване 2007
300 ## - Физическа характеристика
Страници 263 с.
Размери/Мащаб 20 см
380 ## - Жанр
Жанр Худож. лит.
500 ## - Общи забележки
Забележка Петър Пристозов - псевд. на Христо Димитров Вълчев
852 ## - Местоположение
Форматна сигнатура Цб 237450
856 4# - Електронен адрес и достъп
Електронен формат pdf - файл
Път до файла /url/
856 4# - Електронен адрес и достъп
Електронен формат pdf - файл
Път до файла /url/
942 ## - АРТИКУЛИ
Вид на библиотечния материал Книги
Скрит в OPAC Не
Koha issues (borrowed), all copies 7
944 ## - СЪЗДАВАНЕ И РЕДАКЦИЯ на ЗАПИСА
Създаване/Редакция Създаване
Дата на регистрацията/редакция 10.12.2007
Служител, извършил регистрацията/редакцията Геновева_Генчева
944 ## - СЪЗДАВАНЕ И РЕДАКЦИЯ на ЗАПИСА
Създаване/Редакция Редакция
Дата на регистрацията/редакция 09.02.2009
Служител, извършил регистрацията/редакцията
999 ## - СИСТЕМНИ КОНТРОЛНИ НОМЕРА
Koha biblionumber 75571
Koha biblioitemnumber 75571
Наличности
Код за отписване Код за изгубен артикул Източник на класификационната схема Код за повреда Коз за рестрикции Код за отдаване Артикулен № Име на библиотеката - собственик Име на библиотеката, в която се намира в момента Статус (Текущо местоположение) Дата на вписване в системата Местоположение - отдел Цена в лева Инвентарен номер Систематично азбучна сигнатура Баркод Номер на екземпляра Цена в евро Служебна бележка Служебен тип на артикула
  Не е изгубен Universal Decimal Classification Не е повреден без рестрикции заемане за дома 122755 Регионална библиотека "Любен Каравелов" Русе Регионална библиотека "Любен Каравелов" Русе Заемна - подръчен фонд 2007-12-10 Заемна - подръчен фонд 10.00 120000720953 П 886.7-31/Х 82 120000720953 1 5.11 Дост: Pk Вид: Ф N: 151 Дата: 05.12.2007 Дата инв: 10.03.2018 Бележки инв: П2018 Книги
  Не е изгубен   Не е повреден без рестрикции ползва се в читалня 122756 Регионална библиотека "Любен Каравелов" Русе Регионална библиотека "Любен Каравелов" Русе Хранилище 2008-11-13 Хранилище 10.00 120000731385 Цб 237450 120000731385 2 5.11 Дост: Dp Вид: Д N: 29 Дата: 02.07.2008 Книги
Vip Innovations Ltd, Rousse, Bulgaria 2025